| 000 | 00409nam a2200157Ia 4500 | ||
|---|---|---|---|
| 003 | OSt | ||
| 005 | 20231109131838.0 | ||
| 008 | 230331s9999 xx 000 0 und d | ||
| 020 | _a9789353576646 | ||
| 082 |
_a342.005 _bBHAT |
||
| 100 | _aBHATIA, Gautam | ||
| 245 | 0 | _aTransformative constitution : a radical biography in nine acts | |
| 260 |
_aNoida _bHarper Collins _c2021 |
||
| 300 | _a500 | ||
| 942 |
_cBK _2ddc |
||
| 999 |
_c1416 _d1416 |
||